| 000 | 00718 a2200217 4500 | ||
|---|---|---|---|
| 999 |
_c2550 _d2550 |
||
| 020 | _a9788131505519 | ||
| 050 | _aHD38.5 DAV 2007 | ||
| 100 |
_aDavid, Pierre A. _eauthor |
||
| 245 |
_aInternational supply chain management / _cPierre A. David and Richard D. Stewart |
||
| 264 |
_aAndover : _bCengage Learning, _c2007 |
||
| 300 |
_a345p. : _bill. |
||
| 500 | _aIncludes bibliographical references and index | ||
| 650 | _aBusiness logistics | ||
| 650 | _aStrategic planning | ||
| 650 | _aOrganization | ||
| 650 | _aInternational business enterprises | ||
| 650 | _aSocial responsibility of business | ||
| 650 | _aSustainable development | ||
| 700 |
_aStewart, Richard D. _eauthor |
||
| 942 |
_2lcc _cBK _h38.5 _iDAV _kHD |
||